000 00433ngm a2200169 i 4500
001 C2-0321090
003 PPAK
005 20180727221710.0
008 130128s2012 my |||| ||||| | vleng d
040 _aPPAK
_beng
_cPPAK
_erda
245 0 0 _aPingu the chef
264 1 _aSelangor :
_bHVN Entertainment ,
_c2012
336 _2rdacontent
_atext
337 _2rdamedia
_aunmediated
338 _2rdacarrier
_avolume
942 _2ddc
_cDVD
999 _c167301
_d167301